000 00976nam a22002657a 4500
005 20091030103255.0
008 091030t xxu||||| |||| 00| 0 eng d
010 _aENG-95263
020 _a9780070153301
_c250.00
020 _a0070153302
_c250.00
035 _aEN-78796
040 _aDPL
082 _a332.0415
100 _aGurusamy, S.
245 _aCapital Markets /
_cby S. Gurusamy
250 _a2nd ed.
260 _aNew Delhi
_bTata McGraw-Hill Education,
_cc2009.
270 _a7, West Patel Nagar
_bNew Delhi
_e110008
300 _axvi, 526p.
_c22 cm.(Pbk)
500 _aIncludes index.
650 _aCapital market
942 _2ddc
_cEN
_mGUR
_h332.0415
999 _c31184
_d31184